Prioridades de inversión de sistemas de abastecimiento de agua potable en área urbana
Gorde:
| Egile nagusia: | |
|---|---|
| Formatua: | Liburua |
| Argitaratua: |
[San José, Costa Rica]
2003
|
| Gaiak: | |
| Etiketak: |
Etiketa erantsi
Etiketarik gabe, Izan zaitez lehena erregistro honi etiketa jartzen!
|
MARC
| LEADER | 00000nam a2200000Ia 4500 | ||
|---|---|---|---|
| 003 | 009160 | ||
| 005 | 20221231144148.0 | ||
| 008 | 140114s2003 cr a m 000 ||s d | ||
| 040 | |c cru CEDI | ||
| 090 | |a TFG 4701 | ||
| 100 | |a Mora Arrieta, Mario Alberto |9 6999 | ||
| 245 | |a Prioridades de inversión de sistemas de abastecimiento de agua potable en área urbana | ||
| 260 | |c 2003 |a [San José, Costa Rica] | ||
| 300 | |a vii, 154 hojas : ilustraciones a color | ||
| 500 | |a Proyecto de graduación (licenciatura en ingeniería civil)--Universidad de Costa Rica. Facultad de Ingeniería. Escuela de Ingeniería Civil | ||
| 650 | |x INSTITUTO COSTARRICENSE DE ACUEDUCTOS Y ALCANTARILLADOS |x SUMINISTRO DE AGUA |x ADMINISTRACION |x CONTAMINACION DEL AGUA |x ANALISIS DE VARIANZA |x CALIDAD DEL AGUA |x ENFERMEDADES INFECCIOSAS |x PURIFICACION DEL AGUA |9 7000 | ||
| 942 | |c TFG | ||
| 999 | |c 17780 |d 17780 | ||
